| 000 | 00475nam a2200181Ia 4500 | ||
|---|---|---|---|
| 008 | 230711s9999||||xx |||||||||||||| ||und|| | ||
| 020 | _a978-981-4322-50-8 | ||
| 041 | _aENG | ||
| 082 |
_a620.5 _bCA-N |
||
| 100 | _aCao, Guozhong | ||
| 245 | 0 | _aNanostructures and nanomaterials: synthesis, properties and applications | |
| 250 | _a2nd . Ed. | ||
| 260 |
_c2011 _aSingapore _bWorld scientific |
||
| 300 | _a581p. | ||
| 650 | _aPhysics | ||
| 700 | _aWang, Ying | ||
| 942 | _cBK | ||
| 999 |
_c5781 _d5781 |
||